[Event "4NCL 2014-15"]
[Site "Hinckley Island ENG"]
[Date "2014.11.16"]
[Round "2.138"]
[White "Stockwell, Mark B"]
[Black "Fallowfield, Jeremy R"]
[Result "1/2-1/2"]
[WhiteElo "2009"]
[BlackElo "2047"]
[WhiteTeam "The AD's"]
[BlackTeam "Warwickshire Select 1"]
[WhiteFideId "471054"]
[BlackFideId "405450"]
[EventDate "2014.11.15"]

1. c4 g6 2. Nc3 Bg7 3. d4 Nf6 4. e4 d6 5. f3 O-O 6. Be3 Nc6 7. Nge2 a6 8. Qd2
Na5 9. Nc1 Nd7 10. b4 Nc6 11. Rb1 e5 12. d5 Nd4 13. N1e2 Nxe2 14. Bxe2 f5 15. c5
Nf6 16. O-O fxe4 17. fxe4 Ng4 18. Bxg4 Bxg4 19. Rfc1 Rf7 20. a4 Qh4 21. a5 Raf8
22. b5 axb5 23. Nxb5 Bh6 24. Bxh6 Rf2 25. Bg5 Qh5 26. Qxf2 Rxf2 27. Kxf2 Qxg5
28. cxd6 cxd6 29. Nc3 h5 30. Rc2 h4 31. h3 Bh5 1/2-1/2

[Event "4NCL 2014-15"]
[Site "Hinckley Island ENG"]
[Date "2014.11.16"]
[Round "2.141"]
[White "Gormally, Daniel W"]
[Black "Cobb, James"]
[Result "1-0"]
[WhiteTitle "GM"]
[BlackTitle "IM"]
[WhiteElo "2497"]
[BlackElo "2423"]
[WhiteTeam "Blackthorne Russia"]
[BlackTeam "South Wales Dragons"]
[WhiteFideId "406465"]
[BlackFideId "1800949"]
[EventDate "2014.11.15"]

1. d4 Nf6 2. Nf3 e6 3. Bg5 c5 4. c3 d5 5. e3 Nbd7 6. Nbd2 Be7 7. Bd3 b6 8. Ne5
Nxe5 9. dxe5 Nd7 10. Bxe7 Qxe7 11. f4 Qh4+ 12. g3 Qe7 13. Qe2 Bb7 14. Nf3 O-O
15. O-O Rfd8 16. c4 dxc4 17. Bxc4 Nb8 18. Qc2 Nc6 19. a3 g6 20. h4 Na5 21. Be2
c4 22. Rad1 Rxd1 23. Rxd1 Rd8 24. Nd4 a6 25. Qc3 Bd5 26. Kf2 Qb7 27. Nxe6 fxe6
28. e4 Qc6 29. exd5 exd5 30. b4 Nb3 31. Bxc4 Kg7 32. e6+ Kh6 33. f5 Rf8 34. Qe3+ 1-0

[Event "4NCL 2014-15"]
[Site "Hinckley Island ENG"]
[Date "2014.11.16"]
[Round "2.142"]
[White "Cooper, John G"]
[Black "Hunt, Adam C"]
[Result "0-1"]
[WhiteTitle "IM"]
[BlackTitle "IM"]
[WhiteElo "2339"]
[BlackElo "2437"]
[WhiteTeam "South Wales Dragons"]
[BlackTeam "Blackthorne Russia"]
[WhiteFideId "1800027"]
[BlackFideId "403970"]
[EventDate "2014.11.15"]

1. Nf3 Nf6 2. g3 g6 3. Bg2 Bg7 4. c4 O-O 5. O-O d6 6. d4 Nc6 7. Nc3 Rb8 8. d5
Na5 9. Nd2 c5 10. Qc2 a6 11. b3 b5 12. Bb2 e5 13. Rae1 bxc4 14. bxc4 Bh6 15.
Ncb1 Bf5 16. e4 Bd7 17. Bc1 Rb4 18. Qd3 Nh5 19. Nb3 Bxc1 20. Rxc1 f5 21. Nxa5
Qxa5 22. exf5 Bxf5 23. Qe2 Nf6 24. Nc3 Rfb8 25. h3 Rb2 26. Qe3 h5 27. f3 Kg7 28.
g4 Bd7 29. f4 Re8 30. fxe5 Rxe5 31. Qf4 Qd8 32. g5 Nh7 33. h4 Nxg5 34. hxg5 Rxg5
35. Qf7+ Kh6 36. Qf4 Rxg2+ 37. Kh1 0-1

[Event "4NCL 2014-15"]
[Site "Hinckley Island ENG"]
[Date "2014.11.16"]
[Round "2.143"]
[White "Ledger, Andrew J"]
[Black "Redmond, John P."]
[Result "1-0"]
[WhiteTitle "IM"]
[WhiteElo "2396"]
[BlackElo "2249"]
[WhiteTeam "Blackthorne Russia"]
[BlackTeam "South Wales Dragons"]
[WhiteFideId "400610"]
[BlackFideId "2500051"]
[EventDate "2014.11.15"]

1. d4 e6 2. Nf3 Nf6 3. c4 d5 4. Nc3 dxc4 5. e3 a6 6. Bxc4 b5 7. Bd3 Bb7 8. O-O
Nbd7 9. e4 c5 10. d5 c4 11. Bc2 Qb6 12. dxe6 fxe6 13. Be3 Bc5 14. Bxc5 Nxc5 15.
e5 Nd5 16. Nxd5 Bxd5 17. Ng5 O-O-O 18. Qg4 Rd7 19. Rad1 Rhd8 20. Bxh7 Qc6 21.
Bc2 Kb8 22. h4 Qc7 23. Rfe1 Qa5 24. a3 Nd3 25. Bxd3 cxd3 26. Nxe6 d2 27. Re3
Bxe6 28. Qxe6 Rc7 29. Rc3 Rxc3 30. bxc3 Qxc3 31. Qb6+ Kc8 32. Qxa6+ Kc7 33. Qxb5
Qc2 34. Qe2 Rd3 35. e6 Kd8 36. a4 Ke7 37. a5 Rd6 38. a6 Rxe6 39. Qxd2 Qxd2 40.
Rxd2 Rxa6 41. g3 Rb6 42. Kg2 Ra6 43. g4 Rb6 44. Rd5 Kf7 45. Kg3 Rb4 46. f3 Ra4
47. Rf5+ Kg6 48. h5+ Kh7 49. g5 Rb4 50. Rf8 Rb1 51. Kg4 1-0

[Event "4NCL 2014-15"]
[Site "Hinckley Island ENG"]
[Date "2014.11.16"]
[Round "2.144"]
[White "Zeidler, Sven P."]
[Black "Ansell, Simon T"]
[Result "0-1"]
[WhiteTitle "FM"]
[BlackTitle "IM"]
[WhiteElo "2225"]
[BlackElo "2379"]
[WhiteTeam "South Wales Dragons"]
[BlackTeam "Blackthorne Russia"]
[WhiteFideId "1800604"]
[BlackFideId "402141"]
[EventDate "2014.11.15"]

1. e4 c5 2. Nc3 Nc6 3. f4 g6 4. Nf3 Bg7 5. Bb5 Nd4 6. O-O a6 7. Bd3 d6 8. Nxd4
cxd4 9. Ne2 Nf6 10. Kh1 Nd7 11. b4 Qb6 12. a3 a5 13. Bb2 O-O 14. f5 axb4 15.
axb4 Rxa1 16. Qxa1 Qxb4 17. Nxd4 Bf6 18. Bc3 Qc5 19. Ne2 Bxc3 20. Nxc3 e6 21.
Qe1 Qe5 22. Qh4 Nf6 23. fxg6 fxg6 24. Qf4 Qxf4 25. Rxf4 Bd7 26. Bc4 Kg7 27. Nb5
Bxb5 28. Bxb5 e5 29. Rf1 Nxe4 30. Rxf8 Kxf8 31. d3 Nc3 32. Bc4 d5 33. Bb3 Ke7
34. g3 Kd6 35. Kg2 Kc5 36. Kf3 Kd4 37. h4 h6 38. g4 g5 39. hxg5 hxg5 40. Kf2 b5
41. Kf3 Na4 42. Ke2 Nc5 43. Ba2 b4 44. Kd2 Nd7 45. Ke2 Nf6 46. Kf3 e4+ 0-1

[Event "4NCL 2014-15"]
[Site "Hinckley Island ENG"]
[Date "2014.11.16"]
[Round "2.145"]
[White "Bates, Richard A"]
[Black "Morris, Charles F"]
[Result "1-0"]
[WhiteTitle "IM"]
[WhiteElo "2349"]
[BlackElo "2152"]
[WhiteTeam "Blackthorne Russia"]
[BlackTeam "South Wales Dragons"]
[WhiteFideId "403555"]
[BlackFideId "1800140"]
[EventDate "2014.11.15"]

1. d4 e6 2. Nf3 d5 3. c4 Nf6 4. g3 Bb4+ 5. Bd2 Be7 6. Bg2 O-O 7. O-O dxc4 8. Qc2
Nbd7 9. Qxc4 c5 10. dxc5 Nxc5 11. Be3 Qd5 12. Qc1 Nce4 13. Ng5 Qf5 14. Nxe4 Nxe4
15. Qc4 Nd6 16. Qc7 Qf6 17. Nc3 Nf5 18. Bc5 Bxc5 19. Qxc5 Qe7 20. Qxe7 Nxe7 21.
Rfd1 Rb8 22. Nb5 a6 23. Nd6 b5 24. Rac1 h6 25. Rc7 Nd5 26. Ra7 Rb6 27. Nxc8 Rxc8
28. Bxd5 exd5 29. Rxd5 Rc2 30. Rd8+ Kh7 31. Rxf7 Rxb2 32. Rdd7 Rg6 33. Rfe7 Rxa2
34. f4 Kg8 35. f5 Rf6 36. Rxg7+ Kf8 37. Rh7 Kg8 38. Rdg7+ Kf8 39. Rb7 Kg8 40.
Rhg7+ Kf8 41. Rh7 Kg8 42. e4 Rc6 43. Rhc7 Rxc7 44. Rxc7 Re2 45. Re7 b4 46. Kf1
Rxh2 47. Rb7 a5 48. e5 Rh5 49. g4 Rg5 50. e6 Rxg4 51. Rb8+ Kg7 52. e7 1-0

[Event "4NCL 2014-15"]
[Site "Hinckley Island ENG"]
[Date "2014.11.16"]
[Round "2.146"]
[White "James, David J"]
[Black "Duncan, Chris R"]
[Result "1/2-1/2"]
[WhiteTitle "FM"]
[BlackTitle "FM"]
[WhiteElo "2149"]
[BlackElo "2336"]
[WhiteTeam "South Wales Dragons"]
[BlackTeam "Blackthorne Russia"]
[WhiteFideId "1800272"]
[BlackFideId "403091"]
[EventDate "2014.11.15"]

1. d4 d5 2. Nf3 Nf6 3. c4 c6 4. e3 Bf5 5. cxd5 cxd5 6. Qb3 Qc7 7. Bb5+ Nc6 8.
Bd2 e6 9. O-O Bd6 10. Bb4 O-O 11. Bxc6 bxc6 12. Nbd2 Rab8 13. Bxd6 Qxd6 14. Qc3
Rb6 15. Rfc1 Rfb8 16. b3 Nd7 17. a3 f6 18. b4 Bg4 19. Ne1 e5 20. Nd3 Bf5 21. Nc5
Rc8 22. Ndb3 Nf8 23. Na5 Rbb8 24. Na6 Rb6 25. Nc5 Rbb8 1/2-1/2

[Event "4NCL 2014-15"]
[Site "Hinckley Island ENG"]
[Date "2014.11.16"]
[Round "2.147"]
[White "Ledger, Stephen C"]
[Black "Jameson, David"]
[Result "1/2-1/2"]
[WhiteElo "2079"]
[BlackElo "2068"]
[WhiteTeam "Blackthorne Russia"]
[BlackTeam "South Wales Dragons"]
[WhiteFideId "404470"]
[BlackFideId "1801538"]
[EventDate "2014.11.15"]

1. d4 Nf6 2. Bg5 Ne4 3. Bf4 g5 4. Be5 Rg8 5. Nd2 Nxd2 6. Qxd2 d6 7. Bg3 Bf5 8.
e3 Nd7 9. Bd3 Bg6 10. Ne2 e5 11. h4 gxh4 12. Bxh4 Be7 13. g3 a6 14. c3 Bf6 15.
O-O-O Qe7 16. Bxg6 hxg6 17. Bxf6 Nxf6 18. dxe5 Qxe5 19. Nf4 1/2-1/2

[Event "4NCL 2014-15"]
[Site "Hinckley Island ENG"]
[Date "2014.11.16"]
[Round "2.148"]
[White "Wilson, Julie"]
[Black "Atkins, Rita"]
[Result "1/2-1/2"]
[BlackTitle "WIM"]
[WhiteElo "1888"]
[BlackElo "2130"]
[WhiteTeam "South Wales Dragons"]
[BlackTeam "Blackthorne Russia"]
[WhiteFideId "1800876"]
[BlackFideId "408050"]
[EventDate "2014.11.15"]

1. d4 d6 2. c4 e5 3. Nc3 exd4 4. Qxd4 Nc6 5. Qd2 Nf6 6. b3 Be7 7. e3 Bf5 8. Bb2
O-O 9. Nf3 d5 10. cxd5 Nb4 11. Nd4 Ne4 12. Nxe4 Bxe4 13. Bc4 Nxd5 14. O-O Nb6
15. Be2 Bf6 16. Rad1 Qe7 17. Nf3 Rfd8 18. Qc1 1/2-1/2

[Event "4NCL 2014-15"]
[Site "Hinckley Island ENG"]
[Date "2014.11.16"]
[Round "2.151"]
[White "Sadler, Matthew D"]
[Black "Conquest, Stuart C"]
[Result "1-0"]
[WhiteTitle "GM"]
[BlackTitle "GM"]
[WhiteElo "2658"]
[BlackElo "2491"]
[WhiteTeam "Guildford 1"]
[BlackTeam "e2e4.org.uk 1"]
[WhiteFideId "400173"]
[BlackFideId "400181"]
[EventDate "2014.11.15"]

1. e4 c5 2. Nf3 d6 3. d4 Nf6 4. Nc3 cxd4 5. Nxd4 Nc6 6. Bc4 Qb6 7. Nb3 e6 8. Bg5
a6 9. Bxf6 gxf6 10. Qh5 Bd7 11. O-O Ne5 12. Be2 Ng6 13. g3 Rc8 14. Kh1 Ne7 15.
Rad1 Bg7 16. Rd2 f5 17. Rfd1 Bc6 18. Rxd6 O-O 19. Kg1 Rfd8 20. Rxd8+ Rxd8 21.
Rxd8+ Qxd8 22. exf5 Nxf5 23. Bf3 Qc7 24. Bxc6 Qxc6 25. Qg5 h6 26. Qd8+ Kh7 27.
Qd3 Qd6 28. Qxd6 Nxd6 29. Nd1 Kg6 30. Kg2 f5 31. Nc5 Kf7 32. c3 Bf6 33. Ne3 Bd8
34. Kf3 Bb6 35. Nd3 Kf6 36. a4 Ba7 37. Ke2 e5 38. b3 Ke6 39. f3 Bb6 40. Nb2 Bc7
41. Nbc4 Nf7 42. g4 fxg4 43. fxg4 e4 44. h4 Bd8 45. Nf5 Bf6 46. Nd4+ Kd5 47.
Nb6+ Kd6 48. Ke3 Bd8 49. Nf5+ Ke6 50. a5 Ke5 51. c4 h5 52. Nd7+ Ke6 53. Nc5+ Ke5
54. Nd7+ Ke6 55. Nc5+ Ke5 56. Nxb7 hxg4 57. Nxd8 Nxd8 58. Ng3 Nc6 59. h5 Nxa5
60. Nxe4 Kf5 61. c5 Nc6 62. Ng3+ Kg5 63. h6 Kf6 64. Ke4 Nb4 65. h7 Kg7 66. Ke5
Kxh7 67. Kd6 Kg6 68. c6 Nxc6 69. Kxc6 Kg5 70. Kb6 Kh4 71. Nf1 1-0

[Event "4NCL 2014-15"]
[Site "Hinckley Island ENG"]
[Date "2014.11.16"]
[Round "2.157"]
[White "Flear, Glenn C"]
[Black "Byron, Alan M"]
[Result "1/2-1/2"]
[WhiteTitle "GM"]
[WhiteElo "2460"]
[BlackElo "2188"]
[WhiteTeam "Guildford 1"]
[BlackTeam "e2e4.org.uk 1"]
[WhiteFideId "400165"]
[BlackFideId "401773"]
[EventDate "2014.11.15"]

1. d4 Nf6 2. c4 e6 3. Nc3 Bb4 4. e3 O-O 5. Bd3 c5 6. Ne2 d5 7. O-O cxd4 8. exd4
dxc4 9. Bxc4 Nc6 10. a3 Be7 11. Qd3 a6 12. Rd1 b5 13. Ba2 Ra7 14. Qg3 Kh8 15.
Be3 Rd7 16. Rac1 Bb7 17. Nf4 Nxd4 18. Bxd4 Rxd4 19. Bxe6 Ne4 20. Qg4 Qb6 21.
Nxe4 Bxe4 22. Bd5 Rxd1+ 23. Rxd1 Bg6 24. h4 Qf6 25. Nxg6+ fxg6 26. Rd2 Qxh4 27.
Qxh4 Bxh4 28. Re2 h6 29. b4 Kh7 30. Bb7 Bf6 31. Bxa6 Ra8 32. Re6 Bb2 33. Bxb5
Rxa3 34. Be8 Bf6 35. b5 Ra1+ 36. Kh2 Ra2 37. f3 Ra7 38. b6 Re7 39. Rxe7 Bxe7 40.
b7 Bd6+ 41. Kg1 Kg8 42. Bxg6 Kf8 43. Kf2 Ke7 44. Ke3 Kd8 45. Kd4 Kc7 46. Be4 Be7
47. Kd5 Bf6 48. Ke6 1/2-1/2

[Event "4NCL 2014-15"]
[Site "Hinckley Island ENG"]
[Date "2014.11.16"]
[Round "2.168"]
[White "Steil-Antoni, Fiona"]
[Black "Murphy, Hugh W"]
[Result "0-1"]
[WhiteTitle "WIM"]
[WhiteElo "2095"]
[BlackElo "2167"]
[WhiteTeam "Cheddleton 1"]
[BlackTeam "Grantham Sharks 1"]
[WhiteFideId "4001249"]
[BlackFideId "422444"]
[EventDate "2014.11.15"]

1. e4 c6 2. Ne2 d5 3. e5 c5 4. d4 Nc6 5. c3 cxd4 6. cxd4 Bf5 7. Nbc3 e6 8. Ng3
Bg6 9. Be3 Nge7 10. h4 Qb6 11. Qd2 Nf5 12. Nxf5 Bxf5 13. Be2 h6 14. O-O g5 15.
g4 Bh7 16. h5 Be7 17. Kg2 O-O-O 18. Rac1 Kb8 19. Na4 Qb4 20. Qd1 Rc8 21. a3 Qa5
22. b4 Qd8 23. Nc5 Bxc5 24. Rxc5 f5 25. f3 fxg4 26. fxg4 Be4+ 27. Kg3 Rf8 28.
Rxf8 Qxf8 29. b5 Na5 30. Rxc8+ Qxc8 31. Qd2 Nc4 32. Bxc4 Qxc4 33. Qf2 Qc2 34.
Qf8+ Kc7 35. Qd6+ Kc8 36. Qxe6+ Kc7 37. Qd6+ Kc8 38. Qe6+ Kc7 39. Qf7+ Kb6 40.
Qf2 Qd1 41. Qf8 Kxb5 42. Qf7 Qh1 43. Kf2 Qg2+ 44. Ke1 Bf3 45. Bd2 Ka4 46. Qd7+
b5 0-1

[Event "4NCL 2014-15"]
[Site "Hinckley Island ENG"]
[Date "2014.11.16"]
[Round "2.174"]
[White "Eden, Tomer"]
[Black "Bisby, Daniel L"]
[Result "0-1"]
[BlackTitle "FM"]
[WhiteElo "2175"]
[BlackElo "2318"]
[WhiteTeam "Hackney 1"]
[BlackTeam "Cambridge University 1"]
[WhiteFideId "2808439"]
[BlackFideId "404586"]
[EventDate "2014.11.15"]

1. Nf3 d6 2. g3 e5 3. Bg2 f5 4. d3 Nf6 5. O-O Be7 6. c4 O-O 7. Nc3 Qe8 8. c5 Kh8
9. cxd6 cxd6 10. Qb3 Nc6 11. Bg5 Qh5 12. Bxf6 Bxf6 13. e3 Rb8 14. Nd2 Bd7 15.
Nc4 f4 16. Nxd6 f3 17. Bh1 Be7 18. Nde4 Qh3 19. Nd2 Bg4 20. Rfe1 Bg5 21. Nf1 Be6
22. Qd1 Qh5 23. Ne4 Be7 24. Nfd2 Bg4 25. Qb3 Bb4 26. a3 Ba5 27. Nc4 Bc7 28. Ncd6
Qg6 29. Nc4 Be6 30. Qd1 Rbd8 31. Nc5 Bd5 32. Nxb7 Rde8 33. Nc5 Qg4 34. Nd2 Bb6
35. b4 Rf6 36. Nf1 Rh6 37. Qa4 Qh3 38. b5 Ne7 39. e4 Bg8 40. Bxf3 Rf8 41. Bg2
Qc8 42. Qb4 Rhf6 43. d4 Rxf2 44. Nd3 Rxg2+ 45. Kxg2 Qg4 46. Nc5 Nd5 47. Qd2 Nf4+
48. Kf2 Ne2+ 0-1

[Event "4NCL 2014-15"]
[Site "Hinckley Island ENG"]
[Date "2014.11.16"]
[Round "2.175"]
[White "Spencer, Carl J"]
[Black "Cenal Gutierrez, Ruben"]
[Result "1/2-1/2"]
[BlackTitle "FM"]
[WhiteElo "2194"]
[BlackElo "2216"]
[WhiteTeam "Cambridge University 1"]
[BlackTeam "Hackney 1"]
[WhiteFideId "412171"]
[BlackFideId "2211750"]
[EventDate "2014.11.15"]

1. d4 d5 2. c4 c6 3. Nf3 Nf6 4. Nc3 e6 5. e3 Nbd7 6. Bd3 dxc4 7. Bxc4 Bd6 8. e4
b5 9. Bd3 e5 10. O-O O-O 11. h3 Re8 12. a3 a6 13. Bg5 h6 14. Bh4 exd4 15. Nxd4
Ne5 16. Bc2 c5 17. f4 cxd4 18. fxe5 Bxe5 19. Nd5 Re6 20. Bxf6 Bxf6 21. Bb3 Be5
22. Qf3 Ra7 23. Rac1 Kh8 24. Qh5 f6 25. Nb4 Qe8 26. Bxe6 Qxh5 27. Rxc8+ Kh7 28.
Nc6 d3 29. Nxa7 Bd4+ 30. Kh1 Qe2 31. Rf8 g6 32. Rf7+ Kh8 33. Rf8+ Kh7 34. Rf7+ 1/2-1/2

[Event "4NCL 2014-15"]
[Site "Hinckley Island ENG"]
[Date "2014.11.16"]
[Round "2.184"]
[White "Berry, Neil"]
[Black "Eckersley-Waites, Tom"]
[Result "1/2-1/2"]
[WhiteTitle "FM"]
[WhiteElo "2225"]
[BlackElo "2282"]
[WhiteTeam "Barbican 4NCL 2"]
[BlackTeam "Oxford 1"]
[WhiteFideId "2400650"]
[BlackFideId "412449"]
[EventDate "2014.11.15"]

1. d4 Nf6 2. c4 e6 3. Nc3 Bb4 4. e3 O-O 5. Ne2 b5 6. cxb5 a6 7. bxa6 Bxa6 8. Bd2
c5 9. a3 Bxc3 10. Bxc3 Ne4 11. f3 Nxc3 12. Nxc3 Qb6 13. Rb1 Bxf1 14. Rxf1 Nc6
15. dxc5 Qxc5 16. Kf2 d5 17. Ne2 Rfd8 18. Qc1 Qb6 19. Rd1 Rac8 20. Qd2 e5 21.
Rbc1 d4 22. b4 Ra8 23. Qd3 dxe3+ 24. Qxe3 Qxe3+ 25. Kxe3 Rxa3+ 26. Kf2 Rxd1 27.
Rxd1 Kf8 28. b5 Na5 29. Rb1 Rb3 30. Rxb3 Nxb3 31. Ke3 Nc5 32. Ng3 Ke7 33. Ne4
Nxe4 34. Kxe4 Kd6 35. g4 f6 36. Kf5 Kc5 37. Ke6 Kxb5 38. Kf7 h5 39. gxh5 f5 40.
Kxg7 e4 41. fxe4 fxe4 42. h6 e3 43. h7 e2 44. h8=Q e1=Q 45. Qh5+ Ka4 46. Qg4+
Ka5 47. Qg5+ Ka4 48. h4 Qc3+ 49. Kg6 Qc4 50. h5 Qg8+ 51. Kf5 Qd5+ 52. Kf4 Qd2+
53. Kg4 Qg2+ 54. Kf5 Qd5+ 55. Kf6 1/2-1/2

[Event "4NCL 2014-15"]
[Site "Hinckley Island ENG"]
[Date "2014.11.16"]
[Round "2.188"]
[White "Lauterbach, Ingrid"]
[Black "Matta, Francesca"]
[Result "1/2-1/2"]
[WhiteTitle "WIM"]
[WhiteElo "2089"]
[BlackElo "1921"]
[WhiteTeam "Barbican 4NCL 2"]
[BlackTeam "Oxford 1"]
[WhiteFideId "405221"]
[BlackFideId "818780"]
[EventDate "2014.11.15"]

1. g3 d5 2. Bg2 c6 3. b3 Nf6 4. Bb2 Bf5 5. d3 Nbd7 6. Nf3 h6 7. Nbd2 Qc7 8. O-O
e6 9. c4 Be7 10. Rc1 O-O 11. cxd5 exd5 12. Nd4 Bg6 13. N2f3 Rfe8 14. Qd2 a5 15.
a3 Qb6 16. Rb1 c5 17. Nc2 Qe6 18. Rfe1 Bd6 19. Rbd1 Ne5 20. Nh4 Bh7 21. d4 Nc6
22. dxc5 Bxc5 23. Nd4 Nxd4 24. Bxd4 Rac8 25. e3 Bxd4 26. Qxd4 Rc2 27. Rc1 Rec8
28. Rxc2 Rxc2 29. Qa7 b6 30. Nf3 Rc8 31. Nd4 Qd6 32. Bh3 Qc7 33. Qa6 Rd8 34. Qf1
Qc5 35. a4 Ne4 36. Rc1 Qa3 37. Qe1 Nc5 38. Qc3 Nd3 39. Rd1 Nc5 40. Bf1 Ne4 41.
Nc6 Rd6 42. Ne7+ Kf8 43. Nc8 Rd8 44. Nxb6 Qc5 45. Qxc5+ Nxc5 46. Rxd5 Rxd5 47.
Nxd5 Nxb3 48. Bb5 Bc2 49. Kf1 Nc5 50. Nc3 Ke7 51. Ke2 Kd6 52. Kd2 Bb3 53. e4 Ke5
54. Ke3 Kd6 55. f4 Ne6 56. e5+ Kc5 57. f5 Nc7 58. Bd7 Kc4 59. Ne4 Kb4 60. Nd6
Bxa4 61. Bxa4 Kxa4 62. Nxf7 Kb3 63. e6 a4 64. Ne5 a3 65. Nd3 Kc4 66. Nc1 Kd5 67.
g4 Ke5 68. Nd3+ Kd5 69. Kd2 Ke4 70. Nc1 Kf3 71. h3 Kg3 72. Ke3 Kxh3 73. Kf3 Nd5
74. Na2 Kh4 75. Nc1 Kg5 76. Kg3 Nf6 77. e7 h5 78. gxh5 Nxh5+ 79. Kf3 Nf6 80. Ke3
Kxf5 81. Kd4 Ke6 82. Kc3 Kxe7 83. Kb3 g5 84. Kxa3 Ke6 85. Kb3 Kd5 86. Kc3 Ke4
87. Kd2 Kf3 88. Ke1 Ne4 89. Nd3 Ke3 90. Ne5 Nd2 91. Ng4+ Kf4 92. Nh6 Nf3+ 93.
Kf2 Ne5 94. Kg2 Ng4 95. Ng8 Ne3+ 96. Kg1 g4 97. Nf6 g3 98. Nh5+ Kg4 99. Nxg3 1/2-1/2

[Event "4NCL 2014-15"]
[Site "Hinckley Island ENG"]
[Date "2015.01.10"]
[Round "3.111"]
[White "Gormally, Daniel W"]
[Black "Speelman, Jon S"]
[Result "1/2-1/2"]
[WhiteTitle "GM"]
[BlackTitle "GM"]
[WhiteElo "2497"]
[BlackElo "2501"]
[WhiteTeam "Blackthorne Russia"]
[BlackTeam "Wood Green HK"]
[WhiteFideId "406465"]
[BlackFideId "400033"]
[EventDate "2014.11.15"]

1. e4 e6 2. d4 d5 3. Nd2 c5 4. Ngf3 cxd4 5. exd5 Qxd5 6. Bc4 Qd6 7. Qe2 Nc6 8.
Nb3 a6 9. O-O Be7 10. Rd1 b5 11. Bd3 Nf6 12. Nbxd4 Bb7 13. Nb3 Qc7 14. c3 O-O
15. Bg5 Rfd8 16. a4 b4 17. c4 h6 18. Bh4 Na5 19. Bg3 Qb6 20. Nxa5 Qxa5 21. Ne5
b3 22. Re1 Nd7 23. Be4 1/2-1/2

[Event "4NCL 2014-15"]
[Site "Hinckley Island ENG"]
[Date "2015.01.10"]
[Round "3.112"]
[White "Greet, Andrew N"]
[Black "Hunt, Adam C"]
[Result "1-0"]
[WhiteTitle "IM"]
[BlackTitle "IM"]
[WhiteElo "2454"]
[BlackElo "2437"]
[WhiteTeam "Wood Green HK"]
[BlackTeam "Blackthorne Russia"]
[WhiteFideId "405817"]
[BlackFideId "403970"]
[EventDate "2014.11.15"]

1. e4 c5 2. Nf3 d6 3. d4 cxd4 4. Nxd4 Nf6 5. Nc3 a6 6. Bg5 e6 7. f4 Be7 8. Qf3
Qc7 9. O-O-O Nbd7 10. f5 e5 11. Nde2 b5 12. Bxf6 Nxf6 13. Nd5 Nxd5 14. exd5 Bb7
15. Ng3 Rc8 16. Bd3 Qc5 17. Be4 Bg5+ 18. Kb1 Qe3 19. Qh5 Bh6 20. Rd3 Qg5 21. Qe2
O-O 22. h4 Qd8 23. f6 Qxf6 24. Rf1 Bf4 25. Nh5 Qd8 26. g3 f5 27. gxf4 fxe4 28.
Rg3 Rc7 29. Rfg1 g6 30. Qxe4 Kh8 31. fxe5 gxh5 32. e6 Rc4 33. Qe3 Qe7 34. b3 Rg4
35. Rxg4 hxg4 36. Rxg4 Qf6 37. Rd4 a5 38. a3 b4 39. Ka2 Rc8 40. Rc4 bxa3 41.
Rxc8+ Bxc8 42. c3 Qe7 43. Kxa3 Kg7 44. Qd4+ Kg8 45. Qc4 Qb7 46. Ka4 Kf8 47. Qf4+
Ke8 48. Qf6 1-0

[Event "4NCL 2014-15"]
[Site "Hinckley Island ENG"]
[Date "2015.01.10"]
[Round "3.113"]
[White "Ledger, Andrew J"]
[Black "Shaw, John"]
[Result "0-1"]
[WhiteTitle "IM"]
[BlackTitle "GM"]
[WhiteElo "2396"]
[BlackElo "2430"]
[WhiteTeam "Blackthorne Russia"]
[BlackTeam "Wood Green HK"]
[WhiteFideId "400610"]
[BlackFideId "2400553"]
[EventDate "2014.11.15"]

1. c4 e5 2. g3 c6 3. d4 e4 4. Nc3 d5 5. Bg2 Nf6 6. cxd5 cxd5 7. Bg5 Nbd7 8. Qb3
Bd6 9. e3 h6 10. Bf4 Bxf4 11. gxf4 Nb6 12. Nge2 Be6 13. Ng3 Qd7 14. Qb5 O-O 15.
Qxd7 Bxd7 16. b3 Rfc8 17. Rc1 Rc7 18. f3 Rac8 19. Kd2 exf3 20. Bxf3 Kf8 21. Nh5
Bg4 22. Nxf6 Bxf3 23. Rhf1 Ke7 24. Rxf3 Kxf6 25. Rg3 g6 26. Rh3 Kg7 27. Ne2 Rxc1
28. Nxc1 Nd7 29. Ne2 Nf6 30. Nc3 b5 31. a3 a5 32. Rf3 b4 33. axb4 axb4 34. Na2
Ra8 35. Nxb4 Rb8 36. Na2 Rxb3 37. Kc2 Ra3 38. Kb2 Ra5 39. Nc3 Kf8 40. h3 Ke7 41.
Rf1 Ne4 42. Nxe4 dxe4 43. Kb3 Rh5 44. Rh1 g5 45. fxg5 hxg5 46. Kc4 Ke6 47. d5+
Ke5 48. Rd1 Rh6 49. Rg1 Rxh3 50. Rxg5+ f5 51. Rg6 Rxe3 52. Re6+ Kf4 53. d6 Rd3
54. Kc5 e3 55. Kc6 Kf3 56. d7 e2 0-1

[Event "4NCL 2014-15"]
[Site "Hinckley Island ENG"]
[Date "2015.01.10"]
[Round "3.114"]
[White "McDonald, Neil"]
[Black "Ansell, Simon T"]
[Result "1-0"]
[WhiteTitle "GM"]
[BlackTitle "IM"]
[WhiteElo "2415"]
[BlackElo "2379"]
[WhiteTeam "Wood Green HK"]
[BlackTeam "Blackthorne Russia"]
[WhiteFideId "400629"]
[BlackFideId "402141"]
[EventDate "2014.11.15"]

1. e4 e5 2. Nf3 Nc6 3. d4 exd4 4. Nxd4 Nf6 5. Nc3 Bb4 6. Nxc6 bxc6 7. Bd3 d5 8.
exd5 cxd5 9. O-O O-O 10. Bg5 c6 11. Na4 Re8 12. c4 h6 13. Bh4 Be6 14. cxd5 Bxd5
15. a3 Bd6 16. b4 Be5 17. Rc1 Qd6 18. Bg3 Bxg3 19. hxg3 Rad8 20. Nc5 Qe5 21. Re1
Qg5 22. Qc2 h5 23. Nb7 Rb8 24. Nd6 Rxe1+ 25. Rxe1 h4 26. Nf5 hxg3 27. Nxg3 Rd8
28. Qc5 g6 29. Re3 Kg7 30. Qd4 Rh8 31. Nf5+ Kg8 32. Rg3 Qh5 33. f3 Qh1+ 34. Kf2
Nh5 35. Ne7+ Kf8 36. Nxg6+ fxg6 37. Qxh8+ Ke7 38. Qe5+ Kd7 39. Rxg6 Qh4+ 40. Kg1 1-0

[Event "4NCL 2014-15"]
[Site "Hinckley Island ENG"]
[Date "2015.01.10"]
[Round "3.116"]
[White "Messam-Sparks, Lateefah"]
[Black "Ledger, Dave J"]
[Result "0-1"]
[BlackTitle "FM"]
[WhiteElo "1951"]
[BlackElo "2268"]
[WhiteTeam "Wood Green HK"]
[BlackTeam "Blackthorne Russia"]
[WhiteFideId "470813"]
[BlackFideId "401986"]
[EventDate "2014.11.15"]

1. d4 Nf6 2. c4 g6 3. Nc3 Bg7 4. e4 d6 5. f4 O-O 6. Nf3 c5 7. d5 e6 8. Bd3 exd5
9. cxd5 Bg4 10. O-O Nbd7 11. h3 Bxf3 12. Qxf3 Ne8 13. Kh1 Rb8 14. Rb1 Nc7 15. a4
a6 16. Bd2 b5 17. axb5 axb5 18. b4 c4 19. Bc2 Ra8 20. Bc1 Qh4 21. Bb2 Ra6 22.
Ne2 Bxb2 23. Rxb2 Rfa8 24. Nd4 Ra1 25. Rbb1 R1a2 26. Qg4 Qxg4 27. hxg4 R8a3 28.
Bd1 Rd2 29. Nc6 Nb6 30. Bf3 c3 31. Ra1 Ra4 32. Rac1 Ra3 33. Ra1 Rxa1 34. Rxa1
Nc4 35. Rc1 c2 36. Kh2 Kf8 37. Kg3 Ke8 38. e5 dxe5 39. fxe5 Nxd5 40. Bxd5 Rxd5
41. Rxc2 Kd7 42. Na7 Nxe5 43. Kf4 Ke6 44. Re2 f6 45. g5 Rd4+ 46. Re4 fxg5+ 47.
Ke3 Rd3+ 48. Ke2 Rd5 49. Nc6 Kd6 50. Nd4 h5 51. Nc2 Nc6 52. Na3 g4 53. Rf4 Ke5
54. Ke3 Rd4 55. g3 g5 0-1